[Event "X Open Autunno"]
[Site "Robecchetto con Induno ITA"]
[Date "2013.11.07"]
[Round "5"]
[White "Libutti, Michele"]
[Black "Buonasorte, Roberto"]
[WhiteElo "1734"]
[BlackElo "1488"]
[Result "1-0"]
[PlyCount "105"]
[EventDate "2013.10.03"]

1. d4 Nf6 2. c4 g6 3. Nc3 d5 4. e3 Bg7 5. Nf3 c5 6. Be2 O-O 7. O-O dxc4 8. Bxc4
Bg4 9. h3 cxd4 10. exd4 Bc8 11. Bf4 a6 12. Qe2 b5 13. Bb3 Bb7 14. a3 e6 15.
Rad1 Nd5 16. Be5 Bh6 17. Ne4 Nf4 18. Bxf4 Bxf4 19. Nc5 Bd5 20. Bxd5 Qxd5 21.
Ne5 f6 22. Ned3 e5 23. Nxf4 exf4 24. Qe6+ Qxe6 25. Nxe6 Rf7 26. Nxf4 Nd7 27.
Rfe1 Kf8 28. Re6 a5 29. Rc1 Re7 30. Rxe7 Kxe7 31. Rc6 Ra7 32. Kf1 f5 33. Ke2
Nf6 34. f3 g5 35. Nd3 Nd5 36. Rc5 Kd6 37. Rxb5 Kc6 38. Rc5+ Kd6 39. Ne5 Nf4+
40. Kf2 Rb7 41. Nc4+ Ke6 42. Rxa5 Nd3+ 43. Ke3 Nxb2 44. Nxb2 Rxb2 45. Re5+ Kf6
46. g4 Rb3+ 47. Ke2 Rxa3 48. Rxf5+ Kg6 49. d5 Ra5 50. Ke3 h5 51. d6 Rxf5 52.
gxf5+ Kf7 53. Ke4 1-0

[Event "X Open Autunno"]
[Site "Robecchetto con Induno ITA"]
[Date "2013.11.07"]
[Round "5"]
[White "Macchiettini, Pierangelo"]
[Black "Puricelli, Roberto"]
[WhiteElo "1703"]
[BlackElo "1489"]
[Result "1/2-1/2"]
[PlyCount "56"]
[EventDate "2013.10.03"]

1. d4 d5 2. Nf3 e6 3. a3 c5 4. c4 dxc4 5. Qa4+ Nc6 6. e3 cxd4 7. Nxd4 Qa5+ 8.
Qxa5 Nxa5 9. Bd2 Nb3 10. Nxb3 cxb3 11. Bc4 Nf6 12. Nc3 Be7 13. Bxb3 O-O 14. O-O
a6 15. Rac1 b5 16. Ne2 Bb7 17. Rc7 Rfd8 18. Ba5 Rd7 19. Rfc1 Bd6 20. Rxd7 Nxd7
21. Rd1 Nc5 22. Bc2 Bf8 23. Nc3 Bc6 24. Bb4 Nb7 25. Na2 Rc8 26. Bb3 g6 27. Bxf8
Kxf8 28. Rc1 Na5 1/2-1/2

[Event "X Open Autunno"]
[Site "Robecchetto con Induno ITA"]
[Date "2013.11.07"]
[Round "5"]
[White "Madaschi, Sergio"]
[Black "Testa, Loris"]
[WhiteElo "1522"]
[BlackElo "1946"]
[Result "0-1"]
[PlyCount "116"]
[EventDate "2013.10.03"]

1. e4 d5 2. exd5 Nf6 3. Nc3 Nxd5 4. Nxd5 Qxd5 5. d4 Nc6 6. Be3 e6 7. Nf3 Be7 8.
Be2 O-O 9. O-O Bf6 10. c4 Qd7 11. Qd2 Rd8 12. Rad1 Qe7 13. Qc1 b6 14. a3 Bb7
15. Rfe1 Rd7 16. d5 exd5 17. cxd5 Ne5 18. Nxe5 Bxe5 19. Bf3 Qf6 20. Re2 Rad8
21. Red2 Bf4 22. Bxf4 Qxf4 23. Qc2 Qg5 24. Rd3 Bxd5 25. Bxd5 Rxd5 26. Rxd5 Rxd5
27. Re1 Qd8 28. Qe2 g6 29. g3 Rd2 30. Qb5 Qf6 31. Qe8+ Kg7 32. Re2 Rxb2 33.
Rxb2 Qxb2 34. Qe7 Qc1+ 35. Kg2 Qc5 36. Qxc5 bxc5 37. Kf3 Kf6 38. a4 Ke5 39. Ke3
Kd5 40. Kd3 c4+ 41. Kc3 Kc5 42. g4 f5 43. g5 a5 44. f3 f4 45. h3 Kd5 46. h4 c5
47. Kd2 Kd4 48. Kc2 c3 49. Kd1 Kc4 50. Kc2 Kb4 51. Kb1 Kxa4 52. Kc2 Kb4 53. Kb1
a4 54. Ka2 Kc4 55. Kb1 Kd3 56. Kc1 a3 57. Kb1 c2+ 58. Kc1 a2 0-1

[Event "X Open Autunno"]
[Site "Robecchetto con Induno ITA"]
[Date "2013.11.07"]
[Round "5"]
[White "Marchesotti, Giovanni"]
[Black "Sartorio, Alessandro"]
[WhiteElo "1546"]
[BlackElo "1381"]
[Result "1-0"]
[PlyCount "120"]
[EventDate "2013.10.03"]

1. e4 e5 2. Nf3 Nf6 3. d3 Bc5 4. Be2 h6 5. Nbd2 O-O 6. O-O Nc6 7. Nc4 Re8 8.
Be3 Nd4 9. Ncxe5 Nxf3+ 10. Nxf3 Bxe3 11. fxe3 d5 12. e5 Ng4 13. Qd2 Nxe5 14.
Nxe5 Rxe5 15. Bf3 c6 16. Rae1 Qg5 17. Rf2 d4 18. e4 Bg4 19. Qxg5 Rxg5 20. Bxg4
Rxg4 21. Ref1 f6 22. Rf4 Rxf4 23. Rxf4 Kf7 24. e5 c5 25. exf6 gxf6 26. Re4 Re8
27. Rxe8 Kxe8 28. Kf2 Ke7 29. Kf3 Ke6 30. Kg4 Kf7 31. c3 Kg6 32. cxd4 cxd4 33.
Kf4 f5 34. g4 fxg4 35. Kxg4 h5+ 36. Kf4 h4 37. Kg4 Kf6 38. Kxh4 Kf5 39. Kg3 Kg5
40. Kf3 Kf5 41. h4 Kg6 42. Ke4 Kh5 43. Kxd4 Kxh4 44. Ke5 Kg5 45. d4 Kg6 46. Ke6
Kg5 47. d5 Kf4 48. d6 Ke3 49. d7 Kd2 50. d8=Q+ Kc1 51. Qc7+ Kb1 52. Qxb7 Ka1
53. Qxa7 Kb1 54. b4 Kb2 55. b5 Kb1 56. b6 Kb2 57. b7 Ka1 58. a4 Ka2 59. b8=Q
Ka3 60. Qb5 Ka2 1-0

[Event "X Open Autunno"]
[Site "Robecchetto con Induno ITA"]
[Date "2013.11.07"]
[Round "5"]
[White "Melino, Gianluca"]
[Black "Trenti, Alessandro"]
[WhiteElo "1748"]
[BlackElo "1757"]
[Result "1/2-1/2"]
[PlyCount "40"]
[EventDate "2013.10.03"]

1. Nf3 d5 2. g3 Nf6 3. Bg2 c5 4. d3 Nc6 5. Nbd2 e6 6. O-O Bd6 7. e4 O-O 8. Re1
dxe4 9. dxe4 e5 10. Nc4 Bc7 11. Qxd8 Rxd8 12. Bg5 Be6 13. Ne3 h6 14. Bxf6 gxf6
15. c3 Ne7 16. Bf1 Rd7 17. Bc4 Kg7 18. Rad1 Rad8 19. Rxd7 Rxd7 20. Bxe6 fxe6
1/2-1/2

[Event "X Open Autunno"]
[Site "Robecchetto con Induno ITA"]
[Date "2013.11.07"]
[Round "5"]
[White "Minore, Antonino"]
[Black "Loaldi, Davide"]
[WhiteElo "1262"]
[BlackElo "1572"]
[Result "0-1"]
[PlyCount "124"]
[EventDate "2013.10.03"]

1. d4 d5 2. c4 Nf6 3. Nc3 e6 4. g3 Be7 5. Bg2 dxc4 6. Nf3 c6 7. Nd2 Qxd4 8. O-O
O-O 9. Qc2 Nd5 10. Nxd5 exd5 11. Nf3 Qe4 12. Qd2 Bg4 13. h3 Bxf3 14. Bxf3 Qe5
15. Bg2 Bc5 16. e3 Nd7 17. Qe2 Rfe8 18. Bd2 d4 19. Qxc4 dxe3 20. fxe3 Bxe3+ 21.
Bxe3 Qxe3+ 22. Kh2 Qe6 23. Qf4 Nf6 24. Rae1 Qxa2 25. Rxe8+ Rxe8 26. Qb4 Qa6 27.
Qd6 Qb6 28. Rxf6 gxf6 29. Qxf6 Re6 30. Qg5+ Rg6 31. Qe5 Qd8 32. h4 Re6 33. Qf5
Qf6 34. Qg4+ Qg6 35. Qd1 Re3 36. Qd8+ Kg7 37. Qd4+ Qf6 38. Qxe3 Qxb2 39. Kh3 a6
40. h5 h6 41. g4 Qb5 42. Kh4 a5 43. Be4 a4 44. Bf5 Qb2 45. g5 Qb4+ 46. Kh3 Qb3
47. Qxb3 axb3 48. gxh6+ Kxh6 49. Kh4 c5 50. Bd3 b2 51. Kg3 c4 52. Bc2 b5 53.
Kf2 b4 54. Ke1 b3 55. Bb1 c3 56. Kd1 Kxh5 57. Bc2 bxc2+ 58. Kxc2 Kg5 59. Kb1
Kf4 60. Kc2 Ke3 61. Kb1 Kd2 62. Ka2 Kc1 0-1

[Event "X Open Autunno"]
[Site "Robecchetto con Induno ITA"]
[Date "2013.11.07"]
[Round "5"]
[White "Ragoso, Mario"]
[Black "Giusti, Francesco"]
[WhiteElo "1644"]
[BlackElo "1589"]
[Result "0-1"]
[PlyCount "110"]
[EventDate "2013.10.03"]

1. d4 Nf6 2. c4 d5 3. Nc3 e6 4. Nf3 Bb4 5. Bd2 O-O 6. e3 Bxc3 7. Bxc3 Ne4 8.
Bb4 Re8 9. Bd3 Nc6 10. Ba3 Na5 11. b3 b6 12. Rc1 Ba6 13. cxd5 Bxd3 14. Qxd3
exd5 15. O-O Re6 16. Rc2 Rc8 17. Rfc1 c6 18. Bb4 b5 19. Qxb5 Nc4 20. Qa4 Nb6
21. Qa3 Qc7 22. Ne5 Qb7 23. f3 Nf6 24. Nd3 Nfd7 25. Kf2 Rce8 26. Re2 f5 27. Nf4
Rh6 28. Kg1 g5 29. Nd3 Qc7 30. g3 Rg6 31. Ba5 h5 32. Nb4 Qb7 33. Kf2 Kh7 34.
Nd3 g4 35. f4 Nf6 36. Ne5 Ne4+ 37. Kg2 Rf6 38. Bb4 Nd7 39. Rec2 Nxe5 40. dxe5
Rfe6 41. Qa4 Rc8 42. Qa3 a6 43. Ba5 Qa7 44. Re1 Qg7 45. Qb4 c5 46. Qa4 h4 47.
Rh1 h3+ 48. Kf1 Rcc6 49. Bd8 Qa7 50. Ke2 Qd7 51. Ba5 d4 52. exd4 cxd4 53. Rxc6
Rxc6 54. Rc1 d3+ 55. Kf1 Rxc1+ 0-1

[Event "X Open Autunno"]
[Site "Robecchetto con Induno ITA"]
[Date "2013.11.07"]
[Round "5"]
[White "Santarelli, Sabatino"]
[Black "Bencivenga, Antonio"]
[WhiteElo "1655"]
[BlackElo "1476"]
[Result "1-0"]
[PlyCount "67"]
[EventDate "2013.10.03"]

1. e4 c6 2. d4 d5 3. e5 Bf5 4. Nf3 Nd7 5. Nh4 Bg6 6. Nxg6 hxg6 7. Nc3 e6 8. Ne2
Nh6 9. Ng3 Nf5 10. Be2 Nxg3 11. fxg3 Qc7 12. Bf4 O-O-O 13. Qd2 Be7 14. O-O-O
Nb6 15. Kb1 Kb8 16. b3 Ba3 17. h4 c5 18. Qc3 Rc8 19. dxc5 Qxc5 20. Qxc5 Rxc5
21. Rhf1 Rhc8 22. Bd3 Nd7 23. Be3 Rc3 24. Bd4 R3c7 25. Rxf7 Nc5 26. Rxc7 Rxc7
27. Bxg6 Nd7 28. Rf1 Rc8 29. Rf7 Rf8 30. g4 Rxf7 31. Bxf7 Nf8 32. h5 Be7 33.
Be3 Bf6 34. exf6 1-0

[Event "X Open Autunno"]
[Site "Robecchetto con Induno ITA"]
[Date "2013.11.07"]
[Round "5"]
[White "Santoruvo, Gianfranco"]
[Black "Novi', Giuseppe"]
[WhiteElo "1655"]
[BlackElo "1827"]
[Result "0-1"]
[PlyCount "82"]
[EventDate "2013.10.03"]

1. e4 c6 2. d4 d5 3. Nc3 dxe4 4. Nxe4 Bf5 5. Ng3 Bg6 6. Nf3 e6 7. Ne5 Ne7 8.
Be2 Nd7 9. Nxg6 hxg6 10. Be3 Nd5 11. Qd2 N7f6 12. a3 Bd6 13. O-O-O Nxe3 14.
Qxe3 Nd5 15. Qb3 b5 16. Bf3 a6 17. Ne4 Be7 18. Nc3 Qc7 19. Bxd5 cxd5 20. g3 O-O
21. Rhe1 b4 22. axb4 Rfb8 23. Na2 a5 24. b5 a4 25. Qc3 Qb6 26. Qc6 Qxb5 27.
Qxb5 Rxb5 28. Nc3 Rb4 29. Nxd5 Bg5+ 30. Ne3 Rab8 31. f4 Bf6 32. Rd3 Rxb2 33. d5
exd5 34. Nxd5 Rb1+ 35. Kd2 Rxe1 36. Kxe1 Bb2 37. Nc3 Rb4 38. Rd8+ Kh7 39. Kd2
a3 40. Rd3 Bxc3+ 41. Kxc3 Rb1 0-1

[Event "X Open Autunno"]
[Site "Robecchetto con Induno ITA"]
[Date "2013.11.14"]
[Round "6"]
[White "Buonasorte, Roberto"]
[Black "Madaschi, Sergio"]
[WhiteElo "1488"]
[BlackElo "1522"]
[Result "0-1"]
[PlyCount "130"]
[EventDate "2013.10.03"]

1. e4 c5 2. c3 d5 3. e5 g6 4. d4 cxd4 5. cxd4 Bg7 6. Nc3 Nc6 7. Bb5 e6 8. Nge2
Nge7 9. O-O O-O 10. Bg5 f6 11. exf6 Bxf6 12. Bh6 Re8 13. Qd2 Nf5 14. Bxc6 bxc6
15. Bf4 e5 16. dxe5 Bxe5 17. Rfe1 Qd6 18. Bxe5 Rxe5 19. Nd4 Rxe1+ 20. Rxe1 Bd7
21. Nf3 Re8 22. Rxe8+ Bxe8 23. g4 Ng7 24. Qd4 Qe7 25. b4 Ne6 26. Qe3 Qf6 27.
Qe5 Qxe5 28. Nxe5 Kg7 29. h4 Kf6 30. Nd3 g5 31. h5 h6 32. Kh2 Nf4 33. Nxf4 gxf4
34. Ne2 Ke5 35. Kg2 d4 36. Kf3 d3 37. Nxf4 d2 38. Nd3+ Kd4 39. Ke2 d1=Q+ 40.
Kxd1 Kxd3 41. f4 Ke4 42. g5 Bxh5+ 43. Kd2 hxg5 44. fxg5 Kd4 45. Kc2 Bg6+ 46.
Kb2 Kc4 47. Ka3 Kb5 48. Kb3 Bf7+ 49. Ka3 a6 50. g6 Bxg6 51. Kb3 Bf7+ 52. Ka3 a5
53. bxa5 Kxa5 54. Kb2 c5 55. Ka3 c4 56. Kb2 Kb4 57. a3+ Ka4 58. Kc2 Kxa3 59.
Kc3 Bg8 60. Kc2 Kb4 61. Kb2 c3+ 62. Kc1 Kb3 63. Kb1 Bh7+ 64. Ka1 Kc2 65. Ka2
Kd2 0-1

[Event "X Open Autunno"]
[Site "Robecchetto con Induno ITA"]
[Date "2013.11.14"]
[Round "6"]
[White "Colombo, Maurizio"]
[Black "Libutti, Michele"]
[WhiteElo "1786"]
[BlackElo "1734"]
[Result "1-0"]
[PlyCount "95"]
[EventDate "2013.10.03"]

1. d4 Nf6 2. Nf3 g6 3. c4 Bg7 4. Nc3 d6 5. e4 O-O 6. Bg5 c6 7. h3 Qa5 8. Qd2 e5
9. d5 cxd5 10. Nxd5 Qxd2+ 11. Nxd2 Nxd5 12. cxd5 f6 13. Be3 f5 14. f3 fxe4 15.
fxe4 Bf6 16. Bd3 b6 17. b4 Ba6 18. b5 Bb7 19. Ke2 Nd7 20. Nc4 Be7 21. a4 Nc5
22. Bxc5 bxc5 23. Rhf1 Rf4 24. Rxf4 exf4 25. Kf3 g5 26. Na5 Bc8 27. Nc6 Kf7 28.
a5 Ke8 29. e5 dxe5 30. Bxh7 Bf6 31. Re1 Bd7 32. Bg6+ Kf8 33. Rc1 Kg7 34. Bd3
Re8 35. Be4 Bxc6 36. dxc6 Be7 37. b6 axb6 38. axb6 Bd6 39. c7 Rc8 40. Bb7 Rxc7
41. bxc7 Bxc7 42. Rxc5 Bd6 43. Rc6 Bb8 44. Rc8 Bd6 45. Kg4 Kf6 46. Rc6 Ke6 47.
Kxg5 e4 48. Rxd6+ 1-0

[Event "X Open Autunno"]
[Site "Robecchetto con Induno ITA"]
[Date "2013.11.14"]
[Round "6"]
[White "Loaldi, Davide"]
[Black "Nava, Mario"]
[WhiteElo "1572"]
[BlackElo "1256"]
[Result "1-0"]
[PlyCount "101"]
[EventDate "2013.10.03"]

1. d4 d5 2. Nf3 Nf6 3. e3 e6 4. Bd3 Nc6 5. O-O Bd6 6. Nbd2 Bd7 7. b3 Qe7 8. Bb2
O-O-O 9. c4 dxc4 10. Nxc4 Nb4 11. Nxd6+ Qxd6 12. e4 Qb6 13. Re1 Nxd3 14. Qxd3
Kb8 15. Ne5 Bb5 16. Qe3 Rhf8 17. a4 Ba6 18. Ba3 Rxd4 19. Bxf8 Nxe4 20. Nd7+
Rxd7 21. Qxb6 axb6 22. Rxe4 g6 23. b4 Bd3 24. Re3 Bf5 25. Bg7 Rd2 26. h3 h5 27.
b5 Rd4 28. Be5 Rc4 29. f4 Kc8 30. Rc3 Rxc3 31. Bxc3 Be4 32. Rd1 c6 33. bxc6
bxc6 34. Bf6 Bd5 35. Kf2 Kd7 36. Rb1 Kc7 37. Be5+ Kb7 38. Bd4 Ka6 39. Bxb6 Ba2
40. Rb2 Bd5 41. Bd8 c5 42. a5 c4 43. Rc2 Kb5 44. Ke3 f5 45. g3 Be4 46. Rc3 Bd5
47. Kd4 Ka6 48. Rxc4 Kb5 49. Rc5+ Kb4 50. Rxd5 exd5 51. Kxd5 1-0

[Event "X Open Autunno"]
[Site "Robecchetto con Induno ITA"]
[Date "2013.11.14"]
[Round "6"]
[White "Minore, Antonino"]
[Black "Colombo, Angelo D."]
[WhiteElo "1262"]
[BlackElo "1485"]
[Result "0-1"]
[PlyCount "136"]
[EventDate "2013.10.03"]

1. d4 d5 2. c4 e6 3. g3 Nf6 4. Nc3 c6 5. Bg2 Be7 6. Nf3 Nbd7 7. O-O O-O 8. Nd2
Nb6 9. b3 dxc4 10. Nxc4 Nbd5 11. Nxd5 Nxd5 12. Bd2 Bf6 13. e3 c5 14. Ne5 cxd4
15. exd4 Qb6 16. Bxd5 exd5 17. Be3 Be7 18. Rc1 f6 19. Nd3 Qd8 20. Nf4 Re8 21.
h4 b6 22. Kg2 Ba3 23. Rc2 Bf5 24. Rc3 Rc8 25. Rxc8 Qxc8 26. Kh2 Qb7 27. Qf3 Be4
28. Qg4 Bd6 29. Nh5 Kh8 30. Nf4 Bxf4 31. gxf4 h6 32. h5 Qe7 33. Rg1 f5 34. Qh3
Qf7 35. Rg6 Bb1 36. a3 Ba2 37. b4 Bb3 38. Kg2 Rc8 39. Kg3 Rc3 40. Qf1 Ba4 41.
Qa6 Qd7 42. Qe2 Rxa3 43. Kg2 Rc3 44. Bd2 Rc8 45. Be3 Qe7 46. Kg3 Be8 47. Qa2
Bxg6 48. hxg6 Qd7 49. Kf3 Rc6 50. Qb3 Rxg6 51. Qc2 h5 52. Qc1 h4 53. Qh1 Rg4
54. Ke2 Qe7 55. Qxd5 g6 56. b5 h3 57. Qh1 Rh4 58. Qh2 Kh7 59. Kf3 Kh6 60. Kg3
Rh5 61. Kf3 Qh4 62. Ke2 Qg4+ 63. Kd2 Qf3 64. Ke1 Rh4 65. Qg1 Rg4 66. Qxg4 Qxg4
67. d5 Qf3 68. d6 Qd5 0-1

[Event "X Open Autunno"]
[Site "Robecchetto con Induno ITA"]
[Date "2013.11.14"]
[Round "6"]
[White "Moroni, Luca"]
[Black "Trenti, Alessandro"]
[WhiteElo "1860"]
[BlackElo "1757"]
[Result "1/2-1/2"]
[PlyCount "20"]
[EventDate "2013.10.03"]

1. Nf3 Nf6 2. d4 d5 3. Bf4 c6 4. c4 e6 5. Nc3 Bd6 6. Bxd6 Qxd6 7. e3 O-O 8. Bd3
dxc4 9. Bxc4 Nbd7 10. O-O Nb6 1/2-1/2

[Event "X Open Autunno"]
[Site "Robecchetto con Induno ITA"]
[Date "2013.11.14"]
[Round "6"]
[White "Novi', Giuseppe"]
[Black "Barrera, Pietro"]
[WhiteElo "1827"]
[BlackElo "1893"]
[Result "0-1"]
[PlyCount "96"]
[EventDate "2013.10.03"]

1. d4 d5 2. c4 c6 3. Nf3 e6 4. Nc3 f5 5. Bg5 Be7 6. Bxe7 Qxe7 7. e3 Nf6 8. cxd5
exd5 9. Bd3 O-O 10. O-O Ne4 11. Rc1 Nd7 12. Qb3 Kh8 13. Rc2 Ndf6 14. Ne5 Ng4
15. Nxg4 fxg4 16. Bxe4 dxe4 17. d5 h5 18. dxc6 bxc6 19. Qc4 Bf5 20. Ne2 Rf6 21.
Nf4 Rh6 22. Rfc1 Rf8 23. Qc5 Qf7 24. b3 Kh7 25. Qe5 Rd8 26. Ne2 Rd5 27. Qf4 Rf6
28. Nd4 Bg6 29. Qg3 Qd7 30. h3 Bf7 31. Rxc6 Rxc6 32. Nxc6 gxh3 33. gxh3 Rf5 34.
Nd4 Rf6 35. Kh2 Qe7 36. Rc7 Qa3 37. Rc2 Qb4 38. a4 Qe1 39. Qg1 Qb4 40. Qc1 Qd6+
41. Kh1 Qd7 42. Qf1 Bd5 43. Qg2 Qf7 44. Rb2 Rg6 45. Qh2 Qe7 46. b4 a5 47. b5
Qa3 48. Rc2 Qa1+ 0-1

[Event "X Open Autunno"]
[Site "Robecchetto con Induno ITA"]
[Date "2013.11.14"]
[Round "6"]
[White "Ragoso, Mario"]
[Black "Rossi, Enrico"]
[WhiteElo "1644"]
[BlackElo "1319"]
[Result "1-0"]
[PlyCount "111"]
[EventDate "2013.10.03"]

1. d4 Nf6 2. c4 e6 3. Nf3 Bb4+ 4. Bd2 Qe7 5. Nc3 b6 6. a3 Bxc3 7. Bxc3 Bb7 8.
e3 O-O 9. Bd3 Nc6 10. b4 a6 11. O-O Rab8 12. Qe2 Na7 13. Rfd1 Ne4 14. Bb2 f5
15. Rac1 a5 16. Ra1 Nc8 17. Qc2 axb4 18. axb4 Qxb4 19. Ba3 Qc3 20. Bxf8 Qxc2
21. Bxc2 Kxf8 22. Rd3 Ncd6 23. Ne5 Ke7 24. f3 Ng5 25. Rda3 b5 26. cxb5 Nxb5 27.
Ra5 Nc3 28. Nd3 Nd5 29. Kf2 h5 30. Nc5 Bc6 31. Rb1 Rxb1 32. Bxb1 h4 33. h3 Nf7
34. Bd3 g5 35. Bb5 Nh6 36. Bxc6 dxc6 37. Nd3 g4 38. Ne5 g3+ 39. Ke2 Kd6 40. Ng6
f4 41. e4 Ne3 42. Nxf4 Nc2 43. Ra4 c5 44. dxc5+ Kxc5 45. Nxe6+ Kd6 46. Nf4 c5
47. Ra6+ Ke5 48. Nd3+ Kd4 49. Rxh6 c4 50. Rd6+ Kc3 51. Ne1 Nd4+ 52. Ke3 Nb3 53.
e5 Nc5 54. e6 Nb7 55. Rd7 Nc5 56. e7 1-0

[Event "X Open Autunno"]
[Site "Robecchetto con Induno ITA"]
[Date "2013.11.14"]
[Round "6"]
[White "Santoruvo, Gianfranco"]
[Black "Cecchini, Massimo S."]
[WhiteElo "1655"]
[BlackElo "1780"]
[Result "1-0"]
[PlyCount "83"]
[EventDate "2013.10.03"]

1. e4 d6 2. d4 Nf6 3. Nc3 g6 4. Nf3 Bg7 5. h3 a6 6. Bc4 O-O 7. O-O b5 8. Bd3
Nbd7 9. Re1 e5 10. d5 Nc5 11. b4 Nxd3 12. Qxd3 Bd7 13. a4 Qb8 14. axb5 Bxb5 15.
Nxb5 Qxb5 16. Qb3 Rfb8 17. Bd2 Qe8 18. Qc4 Qc8 19. Ra5 Nh5 20. Rea1 Nf4 21.
Rxa6 Rxa6 22. Rxa6 Nxh3+ 23. gxh3 Qxh3 24. Nh2 Qh5 25. Qc3 Qd1+ 26. Nf1 h5 27.
Qxc7 Qg4+ 28. Ng3 Rc8 29. Qb7 h4 30. Rc6 Rd8 31. Qe7 Ra8 32. Qg5 Qd1+ 33. Nf1
Ra1 34. Qg2 Qh5 35. Kh2 Ra3 36. Rc3 Ra8 37. f3 Bf6 38. Ne3 Kg7 39. Nf5+ Kh7 40.
Nxd6 Be7 41. Rc6 g5 42. Nf5 1-0

[Event "X Open Autunno"]
[Site "Robecchetto con Induno ITA"]
[Date "2013.11.14"]
[Round "6"]
[White "Serrao, Piergiorgio"]
[Black "Melino, Gianluca"]
[WhiteElo "1578"]
[BlackElo "1748"]
[Result "0-1"]
[PlyCount "66"]
[EventDate "2013.10.03"]

1. d4 g6 2. c4 Bg7 3. Nc3 d6 4. e4 e5 5. dxe5 dxe5 6. Qxd8+ Kxd8 7. Bg5+ f6 8.
O-O-O+ Nd7 9. Be3 Nh6 10. f3 c6 11. g3 Kc7 12. Bh3 Nf8 13. Bxc8 Rxc8 14. Nge2
Ne6 15. Rd3 b6 16. Rhd1 Rhd8 17. Rxd8 Nxd8 18. b4 Nhf7 19. Kc2 Ne6 20. h4 Bh6
21. Bxh6 Nxh6 22. a3 f5 23. Rd3 a5 24. Kb3 Nf7 25. Kb2 Nd6 26. Kb3 axb4 27.
axb4 Rf8 28. Re3 Nd4+ 29. Nxd4 exd4 30. Rd3 dxc3 31. e5 Nc8 32. Kxc3 Rd8 33.
Re3 Ne7 0-1

[Event "X Open Autunno"]
[Site "Robecchetto con Induno ITA"]
[Date "2013.11.14"]
[Round "6"]
[White "Testa, Loris"]
[Black "Griffini, Andrea"]
[WhiteElo "1946"]
[BlackElo "1799"]
[Result "0-1"]
[PlyCount "70"]
[EventDate "2013.10.03"]

1. e4 Nf6 2. e5 Nd5 3. d4 d6 4. c4 Nb6 5. f4 Bf5 6. Be3 e6 7. Nc3 Be7 8. Nf3
O-O 9. Qd2 dxe5 10. Nxe5 N8d7 11. O-O-O Nxe5 12. fxe5 f6 13. exf6 Bxf6 14. Be2
Qe7 15. g4 Bxg4 16. Bxg4 Nxc4 17. Qd3 Nxe3 18. Rdg1 Nxg4 19. Rxg4 Bg5+ 20. Kb1
Rf4 21. Rxf4 Bxf4 22. Qf3 Rf8 23. Qxb7 a5 24. Qa6 Qd6 25. Qc4 Kh8 26. h4 e5 27.
d5 Bd2 28. Ne4 Qb4 29. Qd3 Bf4 30. Ng5 Bxg5 31. hxg5 g6 32. Qxg6 Rf1+ 33. Kc2
Qc4+ 34. Kd2 Qd4+ 35. Ke2 Rf2+ 0-1

[Event "X Open Autunno"]
[Site "Robecchetto con Induno ITA"]
[Date "2013.11.14"]
[Round "6"]
[White "Virgilio, Gianluca"]
[Black "Santarelli, Sabatino"]
[WhiteElo "1795"]
[BlackElo "1655"]
[Result "1-0"]
[PlyCount "45"]
[EventDate "2013.10.03"]

1. d4 d5 2. Nf3 Nf6 3. e3 c5 4. c3 Nc6 5. Bd3 c4 6. Bc2 h6 7. Nbd2 Qc7 8. b3 b5
9. a4 b4 10. Bb2 Ba6 11. Qe2 e6 12. O-O Bd6 13. Rfe1 O-O 14. e4 dxe4 15. Nxe4
Nxe4 16. Qxe4 g6 17. d5 exd5 18. Qxd5 Ne7 19. Qd4 Qc5 20. Qh4 Qh5 21. Qf6 Rad8
22. cxb4 Nf5 23. Qh8# 1-0

[Event "X Open Autunno"]
[Site "Robecchetto con Induno ITA"]
[Date "2013.11.14"]
[Round "6"]
[White "Zanin, Fabio"]
[Black "Macchiettini, Pierangelo"]
[WhiteElo "1461"]
[BlackElo "1703"]
[Result "1/2-1/2"]
[PlyCount "46"]
[EventDate "2013.10.03"]

1. b3 c5 2. c4 Nf6 3. Bb2 e6 4. Nc3 Be7 5. Nf3 d6 6. e3 Nbd7 7. d4 cxd4 8. Qxd4
a6 9. Rd1 Qa5 10. a3 Qc7 11. Be2 b6 12. O-O Bb7 13. Nd2 Ne5 14. f4 Nc6 15. Qd3
Na5 16. b4 Nc6 17. Bf3 Rc8 18. Nde4 Rd8 19. b5 Na5 20. Nxf6+ Bxf6 21. Bxb7 Qxb7
22. bxa6 Qc6 23. Nb5 Bxb2 1/2-1/2

[Event "X Open Autunno"]
[Site "Robecchetto con Induno ITA"]
[Date "2013.11.21"]
[Round "7"]
[White "Barrera, Pietro"]
[Black "Melino, Gianluca"]
[WhiteElo "1893"]
[BlackElo "1748"]
[Result "1-0"]
[PlyCount "63"]
[EventDate "2013.10.03"]

1. e4 g6 2. f4 Bg7 3. Nf3 d6 4. Bc4 Nf6 5. Nc3 O-O 6. d3 Nc6 7. a3 e5 8. O-O
Bg4 9. h3 Bxf3 10. Qxf3 Nd4 11. Qf2 Qd7 12. fxe5 dxe5 13. Bg5 Nh5 14. Nd5 Rae8
15. c3 Ne6 16. Qh4 c6 17. Nf6+ Nxf6 18. Bxf6 b5 19. Bxe6 Rxe6 20. Rf3 Qd6 21.
Raf1 c5 22. Bxg7 Kxg7 23. Qf2 f6 24. h4 Re7 25. g4 Ref7 26. Qg3 b4 27. axb4
cxb4 28. Qf2 bxc3 29. bxc3 Qe6 30. Rg3 Qb3 31. Qc5 a5 32. Qxa5 1-0

[Event "X Open Autunno"]
[Site "Robecchetto con Induno ITA"]
[Date "2013.11.21"]
[Round "7"]
[White "Frignani, Alessandro"]
[Black "Minore, Antonino"]
[WhiteElo "1389"]
[BlackElo "1262"]
[Result "0-1"]
[PlyCount "68"]
[EventDate "2013.10.03"]

1. e4 c6 2. d4 d5 3. e5 Bf5 4. c3 e6 5. Qb3 b6 6. Nd2 Ne7 7. Be2 Bg6 8. g4 Nd7
9. h4 h6 10. Ngf3 Rc8 11. c4 dxc4 12. Nxc4 Nd5 13. Bd3 Be7 14. Bxg6 fxg6 15.
Nfd2 O-O 16. Ne4 c5 17. Ncd6 Rb8 18. g5 h5 19. Be3 a6 20. O-O-O Rf3 21. Rde1
cxd4 22. Qd1 dxe3 23. Qxf3 Bxd6 24. Nxd6 Nxe5 25. Qe4 Qxd6 26. Rd1 Rc8+ 27. Kb1
exf2 28. Rhf1 Ng4 29. Rd2 Qc6 30. Qxg6 Rd8 31. Qxh5 Nc3+ 32. bxc3 Rxd2 33. Qxg4
Qb5+ 34. Qb4 Qxf1# 0-1

[Event "X Open Autunno"]
[Site "Robecchetto con Induno ITA"]
[Date "2013.11.21"]
[Round "7"]
[White "Giusti, Francesco"]
[Black "Novi', Giuseppe"]
[WhiteElo "1589"]
[BlackElo "1827"]
[Result "0-1"]
[PlyCount "90"]
[EventDate "2013.10.03"]

1. e4 c6 2. d4 d5 3. e5 Bf5 4. Nf3 e6 5. Be2 c5 6. O-O Nc6 7. Bb5 cxd4 8. Nxd4
Nge7 9. Bg5 Qc7 10. Bxe7 Bxe7 11. Re1 Bg6 12. Qf3 O-O 13. Nxc6 bxc6 14. Bd3 f5
15. Nd2 Rab8 16. b3 Bb4 17. Rad1 Qf7 18. Be2 Qc7 19. c3 Be7 20. Bd3 Qa5 21. Bb1
Qb6 22. Nf1 a5 23. Ng3 c5 24. Bd3 a4 25. bxa4 c4 26. Be2 Qa5 27. Rd2 Qxa4 28.
Nf1 Qa3 29. Bd1 Rb5 30. Ree2 Rfb8 31. Ne3 Bg5 32. g3 Qxc3 33. h4 Bxe3 34. Qxe3
Qxe3 35. Rxe3 Rb2 36. Ree2 c3 37. Rc2 d4 38. Re1 f4 39. Rc1 fxg3 40. fxg3 c2
41. Bg4 Kf7 42. h5 Bf5 43. Bxf5 exf5 44. Re2 d3 45. Rd2 Rb1 0-1

[Event "X Open Autunno"]
[Site "Robecchetto con Induno ITA"]
[Date "2013.11.21"]
[Round "7"]
[White "Griffini, Andrea"]
[Black "Moroni, Luca"]
[WhiteElo "1799"]
[BlackElo "1860"]
[Result "1/2-1/2"]
[PlyCount "36"]
[EventDate "2013.10.03"]

1. e4 c5 2. d4 cxd4 3. c3 d3 4. Qxd3 d6 5. Nf3 Nc6 6. Be2 Nf6 7. O-O g6 8. Bg5
Bg7 9. Nbd2 O-O 10. h3 Be6 11. Nd4 Bd7 12. N2f3 a6 13. Qe3 Qc7 14. Bh6 Rac8 15.
Rac1 Qa5 16. a3 Ne5 17. Bxg7 Nxf3+ 18. Nxf3 Kxg7 1/2-1/2

[Event "X Open Autunno"]
[Site "Robecchetto con Induno ITA"]
[Date "2013.11.21"]
[Round "7"]
[White "Macchiettini, Pierangelo"]
[Black "Ragoso, Mario"]
[WhiteElo "1703"]
[BlackElo "1644"]
[Result "1-0"]
[PlyCount "91"]
[EventDate "2013.10.03"]

1. d4 d5 2. Nf3 Nf6 3. c4 e6 4. a3 c6 5. e3 Bd6 6. c5 Bc7 7. Nc3 Qe7 8. b4 Nbd7
9. Bb2 e5 10. dxe5 Nxe5 11. Nd4 O-O 12. Be2 Ne8 13. Qc2 Qg5 14. O-O-O Qxg2 15.
f4 Nc4 16. Bxc4 Qxc2+ 17. Kxc2 dxc4 18. Rhg1 Nf6 19. Rg3 Re8 20. Kd2 Rd8 21.
Ke1 Bg4 22. Rc1 Bxf4 23. exf4 Rxd4 24. Ne2 Re4 25. Bxf6 Rxe2+ 26. Kf1 Re6 27.
Bxg7 Be2+ 28. Kf2 Bd3 29. Be5+ Rg6 30. Rcg1 a5 31. h4 axb4 32. h5 Rxg3 33.
Rxg3+ Kf8 34. Bd6+ Ke8 35. Rg8+ Kd7 36. Rxa8 b3 37. Be5 Ke6 38. Rd8 Kf5 39. Ke3
Kg4 40. h6 Bf5 41. Rb8 Kg3 42. Rxb7 Kg2 43. a4 Kf1 44. Kd2 Kf2 45. a5 Kf3 46.
Rxf7 1-0